Music Trivia : The 1980s - Statistics

General Stats
  • This quiz has been taken 24 times
  • The average score is 6 of 15
Answer Stats
Hint Answer % Correct
"Manic Monday" was a hit song for The Bangles in 1985. It was written by... Prince
78%
His debut album in 1986 contained hits; "Mandolin Rain", "The Way it is" and "Every Little Kiss". He also won a Grammy in 1987 for Best New Artist. His name is... Bruce Hornsby
74%
"Touch of Gray" from 1987 is the only song by this band to hit the Top 40 (#9 to be precise). The name of this one-hit-wonder band is.. The Grateful Dead
65%
In 1983 Herbie Hancock released a hip-hop influenced synth/funk instrumental that had airplay on MTV and won awards at The Grammys, The Billboard Music Video awards and a few MTV Music Video awards. The tune was called... Rockit
57%
1980's "Let My Love Open the Door" was the only top 10 hit in the U.S. for... Pete Townshend
52%
In 1989 the Red Hot Chilli Peppers released their funk rock cover of a Stevie Wonder song. 1973's... Higher Ground
48%
Peter Gabriel released a song in 1980 with the lyric (edited for radio) "whistling tunes we're kissing baboons in the jungle". The song is... Games Without Frontiers
43%
In 1985 Ray Charles had a #1 hit on the Country charts. It was called "Seven Spanish Angels" and it was a duet with... Willie Nelson
39%
On his 1981 album "Dedication", Gary U.S. Bonds sang a duet version of "Jole Blon" with... Bruce Springsteen
30%
1987's "Blues For Salvador" won a Grammy for best rock instrumental performance for... Carlos Santana
26%
In 1982 Jackson Browne had his last top 10 hit; it was also his highest charting single. The title is... Somebody's Baby
26%
"Canciones des Mi Padre" from 1987 was the first fully Spanish language album by... Linda Ronstadt
22%
"Never Gonna Let You Go" written by Barry Mann and Cynthia Weil, has been called one of the most complicated pop hits ever. It was released in 1983 and credited to bandleader... Sergio Mendes
17%
In 1982 the Grammys awarded "Video of the Year" for the first time. The winning work was called "Elephant Parts" and it was created by a singer/songwriter and TV star named... Michael Nesmith
13%
Julian Lennon released two singles in 1984, "Too Late for Goodbyes" and... Valotte
13%
No matching quizzes found
Score Distribution
Percent of People with Each Score
Percentile by Number Answered
Your Score History
You have not taken this quiz